| 000 | 00000nam##2200000za#4500 |
| 001 | 9.569149 |
| 003 | CaOODSP |
| 005 | 20210624181628 |
| 007 | cr ||||||||||| |
| 008 | 150406|2003||||xxc|||||o f|0| 0 eng|d |
| 040 | |aCaOODSP|beng |
| 043 | |an-cn--- |
| 086 | 1 |aNH15-413/2003E-PDF |
| 110 | 2 |aCanada Mortgage and Housing Corporation. |
| 245 | 10|aLiterature review of socio-economic trends affecting consumers and housing markets : |h[electronic resource]|bfinal report / |cPrepared by Rural and Small Town Programme, Mount Allison University and Institute of Urban Studies, University of Winnipeg. |
| 260 | |bCanada Mortgage and Housing Corporation |c2003. |
| 300 | |a118p. |
| 490 | 1 |aResearch report. Housing affordability and finance series |
| 500 | |aThe catalogue number (NH15-413/2003E) and ISBN (0-662-35812-0) for the bilingual print edition have been incorrectly copied in this electronic publication. |
| 504 | |aBibliography. |
| 590 | |a11-04-Supp|b2011-02-17 |
| 775 | 08|tAnalyse documentaire des tendances socioéconomiques influant sur les marchés de l'habitation et de la consommation : |w(CaOODSP)9.600388 |
| 830 | #0|aResearch report. Housing affordability and finance series.|w(CaOODSP)9.504903 |
| 856 | 40|ahttp://publications.gc.ca|qPDF|s761 KB|uhttps://publications.gc.ca/collections/collection_2011/schl-cmhc/nh18-1-1/NH15-413-2003-eng.pdf |